000 01475cab a2200277 4500
001 ABS53569
008 090401t1995 xxu||||| |||| 00| 0 eng d
035 _a(Sirsi) u5130
041 _aeng
245 _aPorter and another v SoS Transport
260 _c1995
350 _a0
490 _aEstates Gazette
_v(1995) 33 EG 92-96 (5)
520 _aLT 6 January 1995. SoS Transport (X) acquired land from the claimants (P) for the construction of a bypass. P retained adjoining land. The SoS Environment granted a certificate of appropriate alternative development, reasoning that had the land not been acquired for the bypass it could have been residentially developed. X sought to adduce evidence that the conclusions of SoS Environment should not be considered when assessing compensation. P contended that X was precluded by the conditions of issue estoppel from reopening the issue determined by the certificate of alternative development. Decision in the claimants favour.
650 _aBYPASS CONSTRUCTION
650 _aCERTIFICATE OF APPROPRIATE ALTERNATIVE DEVELOPMENT
650 _aCOMPENSATION
650 _aCompulsory purchase
_96228
650 _aISSUE ESTOPPEL
650 _aLAND COMPENSATION ACT 1961 S17
650 _aLAND COMPENSATION ACT 1961 S18
650 _aPORTER & ANOTHER V SOS TRANSPORT
690 _aENVIRONMENTAL AND LAND CONSULTANCY-PLANNING AND DEVELOPMENT-COMPULSORY PURCHASE AND COMPENSATION
942 _n0
948 _c04/03/1997
999 _c3075
_d3075